Arsenal women squad 24/25 - Statistics

General Stats
  • This quiz has been taken 640 times
    472 since last reset
  • The average score is 22 of 25
Answer Stats
# Nation Position Answer % Correct
11 Ireland DF Katie McCabe
98%
6 England DF Leah Williamson
98%
9 England FW Beth Mead
96%
23 England FW Alessia Russo
95%
19 Australia FW Caitlin Foord
94%
8 Spain MF Mariona Caldentey
94%
2 USA DF Emily Fox
93%
32 Australia MF Kyra Cooney-Cross
93%
1 Austria GK Manuela Zinsberger
92%
7 Australia DF Steph Catley
92%
25 Sweden FW Stina Blackstenius
92%
10 Scotland MF Kim Little
91%
14 Netherlands GK Daphne Van Domselaar
89%
12 Norway MF Frida Maanum
89%
13 Switzerland MF Lia Wälti
88%
3 England DF Lotte Wubben-Moy
88%
40 England GK Naomi Williams
86%
5 Spain DF Laia Codina
85%
21 Netherlands MF Victoria Pelova
84%
Netherlands Coach Renee Slegers
83%
62 England DF Katie Reid
77%
17 Sweden FW Lina Hurtig
72%
22 USA DF Jenna Nighswonger
68%
28 Sweden DF Amanda Ilestedt
64%
16 Sweden FW Rosa Kafaji
64%
No matching quizzes found
Score Distribution
Percent of People with Each Score
Percentile by Number Answered
Your Score History
You have not taken this quiz since the last reset